Japanese : The spoken language in Japanese life
This supplement to Japanese: The Spoken Languages in Japanese Life has been prepared to guide the instructor and the student step-by-step through the explanations of structure that are found in the main textbook. The question-and-answer format makes the material easier to follow by providing the que...
Gardado en:
| Autor Principal: | |
|---|---|
| Formato: | Libro |
| Idioma: | Undetermined |
| Publicado: |
Tokyo
The Japan Time
1981
|
| Những chủ đề: | |
| Các nhãn: |
Engadir etiqueta
Sen Etiquetas, Sexa o primeiro en etiquetar este rexistro!
|
| Thư viện lưu trữ: | Trung tâm Học liệu Trường Đại học Cần Thơ |
|---|
| LEADER | 00910nam a2200217Ia 4500 | ||
|---|---|---|---|
| 001 | CTU_110257 | ||
| 008 | 210402s9999 xx 000 0 und d | ||
| 082 | |a 495.6 | ||
| 082 | |b M618 | ||
| 100 | |a Mizutani, Osamu | ||
| 245 | 0 | |a Japanese : | |
| 245 | 4 | |b The spoken language in Japanese life | |
| 245 | 0 | |c Osamu Mizutani | |
| 260 | |a Tokyo | ||
| 260 | |b The Japan Time | ||
| 260 | |c 1981 | ||
| 520 | |a This supplement to Japanese: The Spoken Languages in Japanese Life has been prepared to guide the instructor and the student step-by-step through the explanations of structure that are found in the main textbook. The question-and-answer format makes the material easier to follow by providing the questions that should be asked and accurate answers to them. | ||
| 650 | |a Japanese language | ||
| 650 | |x Spoken Japanese | ||
| 904 | |i Hiếu | ||
| 980 | |a Trung tâm Học liệu Trường Đại học Cần Thơ | ||